[Event "Stay Safe Play From Home 396"]
[Site "Emanuel Lasker Arena"]
[Date "2020.08.19"]
[Round "7"]
[White "Haris kollari 13"]
[Black "Erdema"]
[Result "1-0"]
[WhiteElo "1924"]
[BlackElo "1701"]
[Annotator "NA RC"]
[PlyCount "111"]
[EventDate "2020.08.19"]
[EventType "swiss (blitz)"]

1. e4 {[%emt 0:00:02]} e5 {[%emt 0:00:02]} 2. Nf3 {[%emt 0:00:01]} Nc6 {[%emt 0:00:01]} 3. Bb5 {[%emt 0:00:01]} a6 {[%emt 0:00:02]} 4. Ba4 {[%emt 0:00:01]} Bc5 {[%emt 0:00:02]} 5. c3 {[%emt 0:00:02]} b5 {[%emt 0:00:01]} 6. Bc2 {[%emt 0:00:01]} d6 {[%emt 0:00:01]} 7. a4 {[%emt 0:00:03]} b4 {[%emt 0:00:13]} 8. d4 {[%emt 0:00:06]} exd4 {[%emt 0:00:02]} 9. cxd4 {[%emt 0:00:01]} Bb6 {[%emt 0:00:01]} 10. b3 {[%emt 0:00:03]} a5 {[%emt 0:00:02]} 11. O-O {[%emt 0:00:01]} h6 {[%emt 0:00:03]} 12. Bd3 {[%emt 0:00:05]} Nf6 {[%emt 0:00:03]} 13. Re1 {[%emt 0:00:02]} O-O {[%emt 0:00:02]} 14. Bb5 {[%emt 0:00:02]} Na7 {[%emt 0:00:11]} 15. Bd3 {[%emt 0:00:04]} Nc6 {[%emt 0:00:03]} 16. Be3 {[%emt 0:00:03]} Bg4 {[%emt 0:00:04]} 17. Bc2 {[%emt 0:00:19]} Bxf3 {[%emt 0:00:06]} 18. gxf3 {[%emt 0:00:01]} Nh5 {[%emt 0:00:07]} 19. Qd3 {[%emt 0:00:28]} Ne7 {[%emt 0:00:21]} 20. Nd2 {[%emt 0:00:02]} Ng6 {[%emt 0:00:04]} 21. Kf1 {[%emt 0:00:08]} Nhf4 {[%emt 0:00:03]} 22. Qc4 {[%emt 0:00:10]} Qh4 {[%emt 0:00:05]} 23. Rec1 {[%emt 0:00:10]} Qh3+ {[%emt 0:00:02]} 24. Ke1 {[%emt 0:00:01]} Qxh2 {[%emt 0:00:08]} 25. Nf1 {[%emt 0:00:12]} Qg1 {[%emt 0:00:10]} 26. Bd3 {[%emt 0:00:34]} Ng2+ {[%emt 0:00:25]} 27. Ke2 {[%emt 0:00:04]} Nxe3 {[%emt 0:00:10]} 28. Nxe3 {[%emt 0:00:02]} Nf4+ {[%emt 0:00:05]} 29. Kd2 {[%emt 0:00:01]} Qxf2+ {[%emt 0:00:02]} 30. Be2 {[%emt 0:00:01]} Bxd4 {[%emt 0:00:26]} 31. Ng4 {[%emt 0:00:02]} Qxe2+ {[%emt 0:00:27]} 32. Qxe2 {[%emt 0:00:01]} Nxe2 {[%emt 0:00:02]} 33. Kxe2 {[%emt 0:00:06]} Bxa1 {[%emt 0:00:02]} 34. Rxa1 {[%emt 0:00:01]} c5 {[%emt 0:00:02]} 35. Rd1 {[%emt 0:00:02]} Rfd8 {[%emt 0:00:02]} 36. Rd5 {[%emt 0:00:04]} Kf8 {[%emt 0:00:03]} 37. Kd3 {[%emt 0:00:01]} Ke7 {[%emt 0:00:01]} 38. Kc4 {[%emt 0:00:01]} Ke6 {[%emt 0:00:01]} 39. f4 {[%emt 0:00:02]} g6 {[%emt 0:00:01]} 40. Nxh6 {[%emt 0:00:05]} Rh8 {[%emt 0:00:05]} 41. f5+ {[%emt 0:00:01]} gxf5 {[%emt 0:00:03]} 42. Nxf5 {[%emt 0:00:01]} Rad8 {[%emt 0:00:08]} 43. Ng7+ {[%emt 0:00:11]} Kf6 {[%emt 0:00:06]} 44. Nf5 {[%emt 0:00:01]} Rh3 {[%emt 0:00:05]} 45. Nxd6 {[%emt 0:00:09]} Rc3+ {[%emt 0:00:03]} 46. Kb5 {[%emt 0:00:01]} Rxb3 {[%emt 0:00:04]} 47. e5+ {[%emt 0:00:10]} Ke6 {[%emt 0:00:03]} 48. Rxc5 {[%emt 0:00:02]} Rb8+ {[%emt 0:00:06]} 49. Kxa5 {[%emt 0:00:05]} Rb1 {[%emt 0:00:02]} 50. Nc4 {[%emt 0:00:06]} b3 {[%emt 0:00:03]} 51. Rc6+ {[%emt 0:00:11]} Kd5 {[%emt 0:00:04]} 52. Rc7 {[%emt 0:00:04]} b2 {[%emt 0:00:09]} 53. Ne3+ {[%emt 0:00:13]} Ke4 {[%emt 0:00:03]} 54. Nc4 {[%emt 0:00:02]} Rh1 {[%emt 0:00:05]} 55. Rxf7 {[%emt 0:00:05]} b1=Q {[%emt 0:00:02]} 56. Nd2+ {[%emt 0:00:01] Zaman Zaman Zaman (Lag: Av=0.61s, max=1.1s) (Lag: Av=0.61s, max=1.1s) (Lag: Av=0.61s, max=1.1s) ' ' '} 1-0

[Event "Stay Safe Play From Home 396"]
[Site "Emanuel Lasker Arena"]
[Date "2020.08.19"]
[Round "7"]
[White "Tunca"]
[Black "Greblah"]
[Result "0-1"]
[WhiteElo "1761"]
[BlackElo "1922"]
[Annotator "TA"]
[PlyCount "126"]
[EventDate "2020.08.19"]
[EventType "swiss (blitz)"]

{[%evp 10,126,38,1,6,-5,-5,-4,3,0,0,0,0,-22,20,18,32,36,36,13,35,19,79,0,0,-24,-12,-18,-15,-95,-13,-17,-10,-15,10,0,13,13,13,13,13,13,8,-11,23,8,24,-11,-9,-9,-7,-20,-3,-68,-68,-70,-70,-57,-71,-85,-55,-81,-81,-81,-80,-134,-113,-234,-212,-339,-235,-408,-292,-268,-81,-297,-88,-335,-38,-38,-38,-66,-77,-127,0,-21,-60,-221,0,-214,0,0,92,0,0,-28,-27,-907,-882,-29989,-412,-364,0,-857,-562,-29987,-29988,-29988,-29989,-29990,-29975,-29958,-12802,-29994,-29995,-29996,-29997,-29997,-29998]} 1. e4 c6 2. d4 d5 3. Nc3 dxe4 4. Nxe4 Nf6 5. Ng3 Bg4 6. Be2 (6. Qd2 {looks sharper.} Qc7 7. Bc4 c5 8. dxc5 Qxc5 9. Qc3) 6... Bxe2 {B15: Caro-Kann: 3 Nc3: 3...g6 and 3...dxe4 4 Nxe4 Nf6 5 Nxf6+ exf6.} 7. N1xe2 e6 8. Qd3 Nbd7 {The position is equal.} 9. O-O Bd6 {[#]} 10. c4 $146 ({Predecessor:} 10. Bg5 h6 11. Bxf6 Nxf6 12. c3 Qc7 13. f4 O-O 14. Ne4 Nxe4 15. Qxe4 c5 16. Kh1 cxd4 17. Nxd4 {0-1 (44) McPherson,N (1267)-Yalkanova,M (1909) Batumi 2018}) 10... O-O 11. Be3 Bxg3 12. Nxg3 Ne5 13. Qc3 Ng6 14. Rfd1 Qc7 15. Qb3 Rfd8 (15... h6 $11 {remains equal.}) 16. Qc2 (16. Bg5 $1 $16) 16... Rd7 $11 17. Ne4 Nxe4 18. Qxe4 Rad8 19. Rd2 (19. Bg5 $11) 19... Qa5 (19... f5 $1 $17 {[%cal Rf5e4]} 20. Qxe6+ Rf7) 20. b3 Ne7 21. Rad1 Qf5 (21... h6 {seems wilder.} 22. h3 Qa3 23. f3 a5 24. Qe5 Qb4) 22. f3 Qg6 23. Qxg6 hxg6 24. g4 a5 25. a4 f6 26. Kg2 Kf7 27. Kg3 Rh8 28. Bf4 g5 29. Be3 Ng6 30. Rd3 Rhd8 31. R1d2 (31. R3d2 $11) 31... e5 $1 $15 32. d5 Nf4 33. Bxf4 $1 gxf4+ {[%mdl 4096] Endgame KRR-KRR} 34. Kf2 {With the idea dxc6!} c5 35. Ke1 Rh8 36. Kf1 Rdd8 37. Kg1 (37. Rf2 $142) 37... Ke7 38. Rd1 (38. Rf2 $17) 38... Rh3 $1 $19 39. R1d2 (39. d6+ $142 Kd7 40. g5) 39... Rdh8 40. Rf2 $2 (40. d6+ {was worth a try.} Kd7 41. g5) 40... Kd6 41. Rdd2 {[#] White hopes to continue with Rde2.} g6 $2 (41... e4 $1 $19 {[%cal Re4e3][%mdl 512] And now ...e3 would win.} 42. fxe4 g5) 42. Kf1 $2 {[#]} (42. Rde2 $17) 42... R8h4 $2 (42... e4 $1 $19 {[%cal Re4e3][%mdl 512] has better winning chances.} 43. fxe4 g5) 43. Ke1 $2 {[#]} (43. Rde2 $17) 43... f5 $2 (43... e4 $1 $19 {[%cal Re4e3][%mdl 512] ...e3 is the strong threat.} 44. fxe4 g5) 44. gxf5 $15 gxf5 {aiming for ...e4.} 45. Rg2 Rh6 $1 46. Rdf2 b6 ({Better is} 46... Rf6 $1 $17 47. Rg7 e4) 47. Kf1 Rf6 48. Kg1 $2 (48. Rg8 $1 $15) 48... Rh7 $2 (48... e4 $19 49. Rg7 Ke5 50. fxe4 fxe4 51. Re7+ Kd4) 49. Rg5 $2 (49. Re2 $11) 49... Ke7 $2 (49... e4 $19 50. Rfg2 Rhh6) 50. Rfg2 $11 {Black should prevent Rg7+.} Kf7 (50... e4 $11) 51. Kf2 ({White should try} 51. h4 $1 $16) 51... e4 52. fxe4 fxe4 {White must now prevent ...f3.} 53. Rg8 $2 {[%mdl 8192]} (53. h4 $11) 53... e3+ $19 54. Kg1 Rfh6 (54... f3 $142 55. R8g3 e2 56. Rg7+ Rxg7 57. Rxg7+ Kxg7 58. Kf2 Rf4 59. d6 Re4 60. Ke1 Re3 61. h3 f2+ $1 {[%mdl 576] Discovered Attack, Decoy, Promotion} 62. Kxf2 e1=Q+ 63. Kg2 Rg3+ 64. Kh2 Qg1#) 55. Rb8 f3 $2 ({Black should play} 55... Kf6 $19 {Hoping for ...Ke5.} 56. Rf8+ Ke5) 56. Rb7+ $2 {[%mdl 8192] [#]} (56. Rg3 $11 f2+ 57. Kf1) 56... Kf6 $1 {[%mdl 512] ( -> ...e2)} 57. Rxb6+ {[#]} Ke5 $1 {[%mdl 512]} 58. Rxh6 Rxh6 {KR-KR} 59. Rg5+ Kf4 60. Rg7 e2 (60... f2+ $142 61. Kf1 Rxh2 62. Rf7+ Ke4 63. Ke2 Rh1 64. Rxf2 exf2 65. Kxf2 Rh3 66. Ke2 Rxb3 67. Kd1 {[#]} Rb4 $1 {[%mdl 512]} 68. Kd2 Rxc4 69. d6 Rxa4 70. Kc2 Rd4 71. Kc3 Rxd6 72. Kc4 a4 73. Kxc5 Rd4 74. Kb6 a3 75. Kc6 a2 76. Kc5 a1=Q 77. Kb6 Qc3 78. Kb5 Rb4+ 79. Ka6 Qa3#) 61. Kf2 Rxh2+ {Black mates.} 62. Ke1 Rh1+ 63. Kd2 e1=Q+ {Accuracy: White = 44%, Black = 58%.} 0-1

[Event "Stay Safe Play From Home 396"]
[Site "Emanuel Lasker Arena"]
[Date "2020.08.19"]
[Round "7"]
[White "Kongle"]
[Black "Mepe_Nika"]
[Result "0-1"]
[WhiteElo "1752"]
[BlackElo "2372"]
[Annotator "TA"]
[PlyCount "94"]
[EventDate "2020.08.19"]
[EventType "swiss (blitz)"]

{[%evp 9,93,0,0,0,0,0,0,0,0,0,0,0,0,0,1,-17,-6,-54,-35,-33,-20,-20,-14,-56,-60,-105,-97,-290,-281,-294,-277,-288,-287,-895,-900,-876,-872,-1049,-1049,-1044,-1032,-925,-943,-5002,-1959,-1820,-885,-831,-750,-825,-817,-783,-774,-847,-830,-891,-861,-6235,-6224,-6191,-5089,-6127,-5304,-29984,-29985,-29986,-29987,-29987,-29988,-29988,-29989,-29990,-29991,-29992,-29993,-29994,-29995,-29995,-29996,-29996,-29993,-29997,-29996,-29998,-29999,-29999]} 1. d4 d5 2. c4 c6 3. Nc3 Nf6 4. cxd5 cxd5 5. Bg5 Ne4 6. Bd2 {D10: Slav Defence: 3 cxd5 (without early Nf3) and 3 Nc3.} Nxd2 7. Qxd2 Nc6 8. e3 {The position is equal.} Bf5 9. Bd3 Bxd3 10. Qxd3 e6 {[#]} 11. a3 $146 ({Predecessor:} 11. Nf3 Bd6 12. O-O O-O {½-½ (12) Gomez Segura,A (2313)-Sanchez Alvarez,R (2262) Matanzas 2007}) 11... Bd6 12. Nge2 O-O 13. f3 Qh4+ 14. g3 Qh5 15. O-O Rac8 16. e4 dxe4 17. fxe4 {[#]} Rfd8 $1 18. e5 $2 {[#] Loses the game.} (18. Kh1 $17) 18... Bxe5 $1 $19 {[%mdl 512]} 19. Rad1 (19. dxe5 Rxd3) 19... Nxd4 20. Nxd4 Bxd4+ 21. Qxd4 $2 (21. Kg2) 21... Rxd4 22. Rxd4 Qc5 {Strongly threatening ...e5.} 23. Rfd1 e5 {[%mdl 64] Pin} 24. b4 Qxd4+ (24... exd4 $2 25. bxc5 dxc3 26. Rd3 $19) 25. Rxd4 exd4 {[%mdl 4096] Endgame KR-KN} 26. Nd5 d3 27. Kf2 Rd8 28. Nc3 f5 29. Ke3 d2 30. Ke2 Kf7 31. Kd1 g5 32. Nb1 Ke6 33. Nxd2 Rxd2+ 34. Kxd2 {KP-KP} Kd5 35. Kd3 b5 36. h3 f4 {Black mates.} 37. gxf4 gxf4 38. h4 h5 39. Ke2 Ke4 40. Kf2 f3 41. Kf1 Ke3 42. Ke1 f2+ 43. Kf1 Kf3 44. a4 bxa4 45. b5 a3 46. b6 a2 {[%cal Ra2a1]} 47. bxa7 a1=Q# {Accuracy: White = 50%, Black = 88%.} 0-1

[Event "Stay Safe Play From Home 396"]
[Site "Emanuel Lasker Arena"]
[Date "2020.08.19"]
[Round "7"]
[White "matematyk3"]
[Black "Johni"]
[Result "0-1"]
[WhiteElo "1528"]
[BlackElo "1788"]
[Annotator "NA RC"]
[PlyCount "126"]
[EventDate "2020.08.19"]
[EventType "swiss (blitz)"]

1. e4 {[%emt 0:00:03]} c6 {[%emt 0:00:02]} 2. Nf3 {[%emt 0:00:03]} d5 {[%emt 0:00:00]} 3. exd5 {[%emt 0:00:03]} cxd5 {[%emt 0:00:01]} 4. d4 {[%emt 0:00:01]} Nc6 {[%emt 0:00:01]} 5. c4 {[%emt 0:00:03]} Nf6 {[%emt 0:00:00]} 6. cxd5 {[%emt 0:00:01]} Nxd5 {[%emt 0:00:01]} 7. Nc3 {[%emt 0:00:00]} e6 {[%emt 0:00:03]} 8. Nxd5 {[%emt 0:00:02]} Qxd5 {[%emt 0:00:02]} 9. b3 {[%emt 0:00:05]} Bb4+ {[%emt 0:00:04]} 10. Bd2 {[%emt 0:00:02]} O-O {[%emt 0:00:02]} 11. Bxb4 {[%emt 0:00:01]} Nxb4 {[%emt 0:00:01]} 12. Bc4 {[%emt 0:00:02]} Qe4+ {[%emt 0:00:04]} 13. Qe2 {[%emt 0:00:09]} Nc2+ {[%emt 0:00:05]} 14. Kd2 {[%emt 0:00:02]} Qxe2+ {[%emt 0:00:03]} 15. Kxe2 {[%emt 0:00:01]} Nxa1 {[%emt 0:00:01] matematyk3 reconnected. matematyk3 reconnected. matematyk3 reconnected.} 16. Rxa1 {[%emt 0:00:00]} b6 {[%emt 0:00:02]} 17. d5 {[%emt 0:00:08]} Re8 {[%emt 0:00:14]} 18. Kf1 {[%emt 0:00:14]} Bb7 {[%emt 0:00:03]} 19. dxe6 {[%emt 0:00:02]} fxe6 {[%emt 0:00:02]} 20. Ng5 {[%emt 0:00:06]} Bd5 {[%emt 0:00:04]} 21. Re1 {[%emt 0:00:12]} Bxc4+ {[%emt 0:00:06]} 22. bxc4 {[%emt 0:00:02]} e5 {[%emt 0:00:03]} 23. Nf3 {[%emt 0:00:05]} e4 {[%emt 0:00:05]} 24. Ng5 {[%emt 0:00:01]} Rac8 {[%emt 0:00:05]} 25. Nxe4 {[%emt 0:00:04]} Kf8 {[%emt 0:00:24]} 26. Nd6 {[%emt 0:00:23]} Rxe1+ {[%emt 0:00:02]} 27. Kxe1 {[%emt 0:00:01]} Rc6 {[%emt 0:00:03]} 28. Nb5 {[%emt 0:00:03]} a6 {[%emt 0:00:07]} 29. Na3 {[%emt 0:00:01]} Rd6 {[%emt 0:00:13]} 30. Ke2 {[%emt 0:00:05]} Kf7 {[%emt 0:00:04]} 31. Nc2 {[%emt 0:00:04]} Rc6 {[%emt 0:00:05]} 32. Na3 {[%emt 0:00:03]} Rc5 {[%emt 0:00:06]} 33. Ke3 {[%emt 0:00:03]} Ra5 {[%emt 0:00:03]} 34. Nb1 {[%emt 0:00:11]} Rxa2 {[%emt 0:00:03]} 35. Nc3 {[%emt 0:00:02]} Ra3 {[%emt 0:00:02]} 36. Kd4 {[%emt 0:00:01]} Ke6 {[%emt 0:00:10]} 37. Nd5 {[%emt 0:00:06]} Rb3 {[%emt 0:00:08]} 38. Nc7+ {[%emt 0:00:05]} Kf5 {[%emt 0:00:03]} 39. Nxa6 {[%emt 0:00:00]} Rb2 {[%emt 0:00:02]} 40. Nc7 {[%emt 0:00:08]} Rxf2 {[%emt 0:00:03]} 41. Nd5 {[%emt 0:00:05]} Rb2 {[%emt 0:00:03]} 42. Ne7+ {[%emt 0:00:05]} Kf6 {[%emt 0:00:04]} 43. Nd5+ {[%emt 0:00:01]} Kg5 {[%emt 0:00:05]} 44. Kc3 {[%emt 0:00:07]} Rb1 {[%emt 0:00:03]} 45. Kc2 {[%emt 0:00:02]} Rg1 {[%emt 0:00:09]} 46. Nxb6 {[%emt 0:00:06]} Rxg2+ {[%emt 0:00:01]} 47. Kd3 {[%emt 0:00:01]} Rxh2 {[%emt 0:00:01]} 48. c5 {[%emt 0:00:01]} Rh6 {[%emt 0:00:03]} 49. Nc8 {[%emt 0:00:08]} Rc6 {[%emt 0:00:02]} 50. Nd6 {[%emt 0:00:13]} h5 {[%emt 0:00:07]} 51. Kd4 {[%emt 0:00:03]} h4 {[%emt 0:00:02]} 52. Kd5 {[%emt 0:00:03]} Rc7 {[%emt 0:00:07]} 53. Ne4+ {[%emt 0:00:06]} Kg4 {[%emt 0:00:01]} 54. Kd6 {[%emt 0:00:02]} Ra7 {[%emt 0:00:05]} 55. c6 {[%emt 0:00:02]} h3 {[%emt 0:00:02]} 56. Nf2+ {[%emt 0:00:06]} Kg3 {[%emt 0:00:01]} 57. Nxh3 {[%emt 0:00:05]} Kxh3 {[%emt 0:00:01]} 58. c7 {[%emt 0:00:00]} Rxc7 {[%emt 0:00:02]} 59. Kxc7 {[%emt 0:00:00]} g5 {[%emt 0:00:00]} 60. Kd6 {[%emt 0:00:00]} g4 {[%emt 0:00:01]} 61. Ke5 {[%emt 0:00:00]} g3 {[%emt 0:00:00]} 62. Kf4 {[%emt 0:00:00]} g2 {[%emt 0:00:01]} 63. Kf3 {[%emt 0:00:00]} g1=Q {[%emt 0:00:01] matematyk3 poddaje się matematyk3 poddaje się matematyk3 poddaje się (Lag: Av=1.18s, max=41.2s) (Lag: Av=1.18s, max=41.2s) (Lag: Av=1.18s, max=41.2s)} 0-1

[Event "Stay Safe Play From Home 396"]
[Site "Emanuel Lasker Arena"]
[Date "2020.08.19"]
[Round "7"]
[White "Vinter"]
[Black "Shakh"]
[Result "1-0"]
[WhiteElo "1373"]
[BlackElo "1618"]
[Annotator "NA RC"]
[PlyCount "50"]
[EventDate "2020.08.19"]
[EventType "swiss (blitz)"]

1. d4 {[%emt 0:00:03]} d5 {[%emt 0:00:02]} 2. c4 {[%emt 0:00:01]} c6 {[%emt 0:00:01]} 3. Nc3 {[%emt 0:00:02]} Nf6 {[%emt 0:00:01]} 4. e3 {[%emt 0:00:02]} g6 {[%emt 0:00:01]} 5. Nf3 {[%emt 0:00:11]} Bg7 {[%emt 0:00:01]} 6. Bd3 {[%emt 0:00:17]} O-O {[%emt 0:00:01]} 7. O-O {[%emt 0:00:15]} dxc4 {[%emt 0:00:01]} 8. Bxc4 {[%emt 0:00:03]} b5 {[%emt 0:00:01]} 9. Bd3 {[%emt 0:00:01]} a6 {[%emt 0:00:03]} 10. Re1 {[%emt 0:00:32]} Bb7 {[%emt 0:00:02]} 11. e4 {[%emt 0:00:03]} Nbd7 {[%emt 0:00:25]} 12. e5 {[%emt 0:00:02]} Nd5 {[%emt 0:00:02]} 13. Ne4 {[%emt 0:00:07]} N7b6 {[%emt 0:00:14]} 14. b3 {[%emt 0:00:04]} a5 {[%emt 0:00:10]} 15. Bg5 {[%emt 0:00:07]} h6 {[%emt 0:00:03]} 16. Bd2 {[%emt 0:00:05]} a4 {[%emt 0:00:12]} 17. b4 {[%emt 0:00:04]} g5 {[%emt 0:00:04]} 18. Qc2 {[%emt 0:00:17]} Rc8 {[%emt 0:00:21]} 19. h4 {[%emt 0:00:03]} g4 {[%emt 0:00:03]} 20. Nh2 {[%emt 0:00:12]} h5 {[%emt 0:00:02]} 21. Ng5 {[%emt 0:00:05]} e6 {[%emt 0:00:17]} 22. Bh7+ {[%emt 0:00:07]} Kh8 {[%emt 0:00:02]} 23. Nhf3 {[%emt 0:00:07]} Nc4 {[%emt 0:00:02]} 24. Nxe6 {[%emt 0:00:19]} fxe6 {[%emt 0:00:06]} 25. Ng5 {[%emt 0:00:04]} Qe7 {[%emt 0:00:19] Shakh resigns Shakh resigns Shakh resigns} 1-0